[Event "World Youth Boys U16 2014"]
[Site "Durban RSA"]
[Date "2014.09.25"]
[Round "7.23"]
[White "Valkama, Eero"]
[Black "Sasitharan, Abhiram"]
[Result "1-0"]
[BlackTitle "CM"]
[WhiteElo "2073"]
[BlackElo "1854"]
[WhiteFideId "507555"]
[BlackFideId "11301155"]
[EventDate "2014.09.20"]

1. e4 c5 2. Nf3 d6 3. Bb5+ Bd7 4. Bxd7+ Nxd7 5. O-O Ngf6 6. Qe2 Rc8 7. Rd1 Qc7
8. b3 g6 9. c4 a6 10. d4 cxd4 11. Nxd4 b5 12. Na3 bxc4 13. Nxc4 Bg7 14. Ba3 O-O
15. Rac1 Qb7 16. f3 Nh5 17. Qf2 Nc5 18. Qe3 Qa7 19. Ne2 Rc7 20. Bb2 Nf6 21. e5
Ne8 22. exd6 Bxb2 23. dxc7 Bxc1 24. Rxc1 Qxc7 25. Ne5 f6 26. Nd3 Nd6 27. Qxc5
Qd7 28. Nd4 Nb7 29. Qc4+ Kh8 30. Ne6 Rg8 31. Ndc5 Nxc5 32. Nxc5 Qf5 33. Qxa6 Qe5
34. Qd3 Qb2 35. Qc2 Qd4+ 36. Qf2 Qf4 37. Re1 e5 1-0

[Event "World Youth Boys U16 2014"]
[Site "Durban RSA"]
[Date "2014.09.25"]
[Round "7.24"]
[White "Roos, Lucas"]
[Black "Sinyanskiy, Maxim"]
[Result "0-1"]
[WhiteElo "1684"]
[BlackElo "2038"]
[WhiteFideId "14308673"]
[BlackFideId "4178068"]
[EventDate "2014.09.20"]

1. e4 c5 2. Nc3 Nc6 3. g3 g6 4. Bg2 Bg7 5. d3 e6 6. Be3 d6 7. Qd2 Nge7 8. Nge2
Nd4 9. O-O O-O 10. f4 Rb8 11. f5 exf5 12. Bh6 Nxe2+ 13. Nxe2 Be6 14. Bxg7 Kxg7
15. Rf4 f6 16. Bh3 Qd7 17. Nc3 d5 18. exf5 Bxf5 19. g4 Be6 20. Raf1 g5 21. Rxf6
Rxf6 22. Qxg5+ Ng6 23. Rxf6 0-1

[Event "World Youth Boys U16 2014"]
[Site "Durban RSA"]
[Date "2014.09.25"]
[Round "7.26"]
[White "Lien, Kjell Hakon"]
[Black "Satre, Mathias"]
[Result "1-0"]
[WhiteElo "2004"]
[BlackElo "1795"]
[WhiteFideId "1510444"]
[BlackFideId "1513648"]
[EventDate "2014.09.20"]

1. e4 e6 2. d4 d5 3. Bd3 Nf6 4. exd5 exd5 5. Nf3 h6 6. O-O Bd6 7. c4 c6 8. Nc3
Be6 9. c5 Bc7 10. Ne5 Nbd7 11. f4 Nxe5 12. dxe5 Ng8 13. f5 Bc8 14. Qg4 Bxe5 15.
Re1 Qe7 16. Bf4 f6 17. Qg3 Qxc5+ 18. Kh1 Ne7 19. Bxe5 fxe5 20. Qxg7 Rg8 21. Qxe5
Rg5 22. Qh8+ Kf7 23. f6 Nf5 24. Bxf5 1-0

[Event "World Youth Boys U16 2014"]
[Site "Durban RSA"]
[Date "2014.09.25"]
[Round "7.27"]
[White "Yang, ching Wei, Austin"]
[Black "Conradie, Andre"]
[Result "1-0"]
[WhiteElo "1941"]
[BlackElo "1748"]
[WhiteFideId "16300440"]
[BlackFideId "14304570"]
[EventDate "2014.09.20"]

1. e4 c6 2. Nc3 d5 3. Nf3 Bg4 4. h3 Bxf3 5. Qxf3 d4 6. Bc4 Nf6 7. Ne2 e5 8. c3
c5 9. O-O Nc6 10. d3 a6 11. a4 Rb8 12. Bg5 h6 13. Bxf6 Qxf6 14. Qxf6 gxf6 15. f4
Bd6 16. fxe5 Bxe5 17. cxd4 cxd4 18. Bd5 Ne7 19. Bc4 Ng6 20. a5 Ke7 21. Ra4 Rhc8
22. b3 Rc6 23. g3 h5 24. Rf5 h4 25. g4 b5 26. axb6 Rcxb6 27. Rf1 Nf8 28. Rfa1
Ne6 29. Rxa6 Nc5 30. Rxb6 Rxb6 31. Ra7+ Nd7 32. Kg2 Bb8 33. Ra1 Be5 34. Ng1 Nc5
35. Nf3 Rb7 36. Rb1 Ne6 37. Bxe6 Kxe6 38. Nxh4 Rc7 39. Rb2 Rc3 40. Rd2 Rxb3 41.
Nf5 Rb4 42. h4 Bf4 43. Rc2 Kd7 44. Kf3 Be5 1-0

[Event "World Youth Boys U16 2014"]
[Site "Durban RSA"]
[Date "2014.09.25"]
[Round "7.29"]
[White "Nassr, Ahmed"]
[Black "Modi, Sachin"]
[Result "1/2-1/2"]
[BlackTitle "CM"]
[WhiteElo "1965"]
[BlackElo "1676"]
[WhiteFideId "7904860"]
[BlackFideId "14304589"]
[EventDate "2014.09.20"]

1. d4 Nf6 2. Nf3 g6 3. Nc3 d5 4. Bf4 Bg7 5. e3 O-O 6. Be2 c5 7. Ne5 cxd4 8. exd4
Nc6 9. Qd2 Ne4 10. Nxe4 dxe4 11. Nxc6 bxc6 12. c3 e5 13. dxe5 Qxd2+ 14. Kxd2 Re8
15. Rad1 Bxe5 16. Bxe5 Rxe5 17. Kc1 Be6 18. b3 Kf8 19. Rhe1 Ke7 20. Kb2 Rd5 21.
Rxd5 cxd5 22. Rd1 f5 23. Rd4 Rb8 24. Kc2 Kf6 25. Kd2 Ke5 1/2-1/2

[Event "World Youth Boys U16 2014"]
[Site "Durban RSA"]
[Date "2014.09.25"]
[Round "7.36"]
[White "Tuomainen, Felix"]
[Black "Lynch, Justin"]
[Result "1/2-1/2"]
[WhiteElo "2042"]
[BlackElo "1689"]
[WhiteFideId "1720813"]
[BlackFideId "14310120"]
[EventDate "2014.09.20"]

1. d4 Nf6 2. c4 e6 3. Nc3 Bb4 4. e3 O-O 5. Ne2 Nc6 6. a3 Bxc3+ 7. Nxc3 d6 8. Be2
e5 9. d5 Ne7 10. O-O Bf5 11. f4 exf4 12. exf4 c6 13. g4 Qb6+ 14. Kg2 Be4+ 15.
Nxe4 Nxe4 16. f5 cxd5 17. Bf3 Nc5 18. Bxd5 Nxd5 19. Qxd5 Nb3 20. Rb1 Nxc1 21.
Rfxc1 Rfe8 22. c5 dxc5 23. Qxc5 Qf6 24. Rc2 1/2-1/2

[Event "World Youth Boys U16 2014"]
[Site "Durban RSA"]
[Date "2014.09.25"]
[Round "7.37"]
[White "Ait Abbas, Yacine"]
[Black "Forster, James Connor Christophe"]
[Result "1/2-1/2"]
[WhiteElo "1853"]
[BlackElo "1687"]
[WhiteFideId "7904150"]
[BlackFideId "14309343"]
[EventDate "2014.09.20"]

1. c4 e6 2. g3 d5 3. cxd5 exd5 4. d4 c6 5. Bg2 Nf6 6. Nf3 Bd6 7. Nc3 O-O 8. O-O
Bf5 9. Bf4 Bxf4 10. gxf4 Nbd7 11. e3 Ne4 12. Nxe4 Bxe4 13. Ne5 Nf6 14. Rc1 Re8
15. b4 Qb6 16. Bh3 Bg6 17. Ng4 Ne4 18. f5 Ng5 19. fxg6 Nxh3+ 20. Kh1 Ng5 21. h4
Ne4 22. gxh7+ Kxh7 23. Qf3 Qd8 24. Kg2 f6 25. h5 Qd7 26. Rg1 1/2-1/2

[Event "World Youth Boys U16 2014"]
[Site "Durban RSA"]
[Date "2014.09.25"]
[Round "7.40"]
[White "Subramaniam, Shreyes"]
[Black "Abdulla, Al-Hamed"]
[Result "1-0"]
[WhiteElo "1813"]
[BlackElo "1674"]
[WhiteFideId "5707153"]
[BlackFideId "9302328"]
[EventDate "2014.09.20"]

1. e4 e5 2. Nf3 Nc6 3. Bb5 a6 4. Ba4 Nf6 5. O-O b5 6. Bb3 Be7 7. c3 O-O 8. h3
Na5 9. Bc2 c5 10. d4 exd4 11. cxd4 cxd4 12. Nxd4 Qc7 13. Nd2 Nc6 14. e5 Nb4 15.
Bb1 a5 1-0

[Event "World Youth Boys U16 2014"]
[Site "Durban RSA"]
[Date "2014.09.26"]
[Round "8.1"]
[White "Sanal, Vahap"]
[Black "Aravindh, Chithambaram VR."]
[Result "1-0"]
[WhiteTitle "IM"]
[BlackTitle "IM"]
[WhiteElo "2473"]
[BlackElo "2496"]
[WhiteFideId "6300545"]
[BlackFideId "5072786"]
[EventDate "2014.09.20"]

1. e4 c5 2. Nf3 Nc6 3. d4 cxd4 4. Nxd4 Nf6 5. Nc3 d6 6. Bg5 Bd7 7. Qd2 Rc8 8.
O-O-O Nxd4 9. Qxd4 Qa5 10. f4 Rxc3 11. Qxc3 Qxc3 12. bxc3 Nxe4 13. Bh4 g5 14.
fxg5 Bg7 15. c4 Nc3 16. Rd3 Bf5 17. Be1 Nxa2+ 18. Kd2 Nb4 19. Rb3 a5 20. Bd3 Be6
21. c3 Nxd3 22. Kxd3 O-O 23. Rxb7 Rc8 24. Rxe7 Bxc4+ 25. Kc2 a4 26. Ra7 Bb3+ 27.
Kd3 Bc4+ 28. Kc2 Bb3+ 29. Kd3 Bc4+ 30. Ke3 Bb3 31. Bd2 Bxc3 32. Bxc3 Rxc3+ 33.
Kf4 Rc4+ 34. Kf3 Rc3+ 35. Kf4 Rc2 36. g4 Rc4+ 37. Kg3 Rc5 38. Kh4 Rc8 39. Re1
Kf8 40. Re4 Rd8 41. Rf4 Re8 42. Rf6 Re2 43. h3 Rd2 44. Kg3 Rd3+ 45. Rf3 Rd4 46.
Rf4 Rd3+ 47. Rf3 Rd4 48. Rc3 Be6 49. Kh4 Kg7 50. Re3 Kg6 51. Rf3 Kg7 52. Kg3 Rb4
53. Rf4 Rb5 54. Kh4 Bb3 55. Re4 Rb8 56. Ree7 Rd8 57. Kg3 Rc8 58. Re3 d5 59. Rd3
Rc1 60. Rd4 Rc3+ 61. Kg2 Rc2+ 62. Kg3 Rc3+ 63. Kg2 Rc2+ 64. Kg1 Rc1+ 65. Kf2
Rc2+ 66. Ke1 Rc1+ 67. Kd2 Rc2+ 68. Ke1 Rc1+ 69. Kd2 Rc2+ 70. Kd3 Rh2 71. Rf4
Bc2+ 72. Kc3 Bg6 73. Rf3 Ra2 74. Kd4 Rd2+ 75. Kc5 h6 76. gxh6+ Kxh6 77. h4 Rg2
78. Rf4 Rg3 79. Raxa4 Be4 80. Ra6+ Kg7 81. Kd4 Rh3 82. h5 Rd3+ 83. Ke5 Re3 84.
Raf6 Bf3+ 85. Kd6 Be4 1-0

[Event "World Youth Boys U16 2014"]
[Site "Durban RSA"]
[Date "2014.09.26"]
[Round "8.2"]
[White "Petrosyan, Manuel"]
[Black "Pichot, Alan"]
[Result "0-1"]
[WhiteTitle "FM"]
[BlackTitle "IM"]
[WhiteElo "2397"]
[BlackElo "2452"]
[WhiteFideId "13300857"]
[BlackFideId "110973"]
[EventDate "2014.09.20"]

1. d4 Nf6 2. Nf3 g6 3. c4 Bg7 4. g3 O-O 5. Bg2 c5 6. O-O d6 7. Nc3 Nc6 8. d5 Na5
9. Nd2 a6 10. Rb1 Rb8 11. b3 b5 12. Bb2 Bh6 13. Ba1 Bf5 14. e4 Bg4 15. Qc2 e5
16. h3 Bd7 17. f4 Re8 18. Ne2 Nh5 19. Kh2 bxc4 20. bxc4 Rxb1 21. Nxb1 exf4 22.
gxf4 Qh4 23. Qc3 Bg7 24. Qxa5 Bxa1 25. Nbc3 Bb2 26. Nd1 Bg4 27. Qd2 Bxe2 28.
Qxe2 Qg3+ 29. Kh1 Bd4 30. Qd2 Rxe4 31. f5 Nf4 32. fxg6 Re2 33. gxf7+ Kf8 0-1

[Event "World Youth Boys U16 2014"]
[Site "Durban RSA"]
[Date "2014.09.26"]
[Round "8.3"]
[White "Saiyn, Zhanat"]
[Black "Bellahcene, Bilel"]
[Result "0-1"]
[WhiteTitle "FM"]
[BlackTitle "FM"]
[WhiteElo "2397"]
[BlackElo "2428"]
[WhiteFideId "13703820"]
[BlackFideId "696358"]
[EventDate "2014.09.20"]

1. d4 e6 2. c4 Nf6 3. Nc3 Bb4 4. Nf3 c5 5. g3 O-O 6. Bg2 cxd4 7. Nxd4 d5 8. cxd5
Nxd5 9. Bd2 Nxc3 10. Bxc3 Bxc3+ 11. bxc3 e5 12. Nb3 Qc7 13. O-O Be6 14. Qd3 Nd7
15. Rfd1 Rac8 16. Qd6 b6 17. Qa3 Nf6 18. Rac1 Bc4 19. Qb2 Rfd8 20. e3 Rxd1+ 21.
Rxd1 h5 22. h3 Be6 23. Rc1 Qd7 24. Kh2 Bd5 25. c4 Bxg2 26. Kxg2 Qf5 27. Qe2 Qe6
28. Rc2 h4 29. g4 Ne4 30. Nd2 Ng5 31. Rc3 e4 32. Rb3 Rc5 33. Ra3 a5 34. Nb3 Rxc4
35. Nd4 Qc8 36. Rb3 Rc1 37. Rxb6 Nxh3 38. Rc6 Rxc6 39. Nxc6 Qxc6 40. Kxh3 Qf6
41. Qc2 g5 42. Qxe4 Qxf2 43. Qe8+ Kh7 44. Qe4+ Kh6 45. Qe5 f6 46. Qd6 Qxe3+ 47.
Kg2 Qe4+ 48. Kh3 Qh1+ 0-1

[Event "World Youth Boys U16 2014"]
[Site "Durban RSA"]
[Date "2014.09.26"]
[Round "8.4"]
[White "Wu, Christopher"]
[Black "Karthikeyan, Murali"]
[Result "0-1"]
[BlackTitle "IM"]
[WhiteElo "2274"]
[BlackElo "2462"]
[WhiteFideId "2040875"]
[BlackFideId "5074452"]
[EventDate "2014.09.20"]

1. e4 g6 2. d4 Bg7 3. Nc3 d6 4. g3 Nf6 5. Bg2 O-O 6. Nge2 Nbd7 7. O-O c6 8. h3
e5 9. Be3 Re8 10. g4 b5 11. g5 Nh5 12. d5 b4 13. dxc6 bxc3 14. cxd7 Bxd7 15.
Nxc3 Nf4 16. Qf3 Qxg5 17. Nd5 Qh4 18. Nxf4 exf4 19. Qxf4 Qxf4 20. Bxf4 Bxb2 21.
Rab1 Be5 22. Be3 Bc6 23. Rfd1 a5 24. Rb6 Rac8 25. c4 h5 26. Kf1 Ba8 27. Rc1 Bh2
28. f3 f5 29. c5 fxe4 30. fxe4 Bxe4 31. Bxe4 Rxe4 32. cxd6 Rf8+ 33. Kg2 Be5 34.
Bg1 Re2+ 35. Kh1 Rf3 36. Rb3 Rxb3 37. axb3 Bxd6 38. Rc6 Rd2 39. Bc5 Bxc5 40.
Rxc5 Ra2 41. Rc7 Rb2 42. Rc3 Kf7 43. Kg1 Kf6 44. Rc6+ Kg5 45. h4+ Kxh4 46. Rxg6
Rxb3 47. Rc6 a4 48. Ra6 Kg3 49. Kf1 a3 50. Rg6+ Kf3 51. Rf6+ Ke3 52. Re6+ Kd3
53. Ke1 Rb1+ 54. Kf2 a2 55. Re3+ Kd4 0-1

[Event "World Youth Boys U16 2014"]
[Site "Durban RSA"]
[Date "2014.09.26"]
[Round "8.5"]
[White "Van Foreest, Jorden"]
[Black "Kaczur, Florian"]
[Result "1-0"]
[WhiteTitle "FM"]
[WhiteElo "2457"]
[BlackElo "2278"]
[WhiteFideId "1039784"]
[BlackFideId "705098"]
[EventDate "2014.09.20"]

1. e4 c5 2. Nf3 Nc6 3. d4 cxd4 4. Nxd4 e5 5. Nb5 d6 6. c4 Be7 7. N1c3 a6 8. Na3
Be6 9. Be2 Bg5 10. O-O Bxc1 11. Rxc1 Nf6 12. Qd2 O-O 13. Rfd1 Qb6 14. Nc2 Rfd8
15. b3 Rac8 16. h3 h6 17. Rb1 Kf8 18. Bf1 Ne7 19. Qe1 g5 20. Rd2 Ng6 21. Rbd1 h5
22. Na4 Qc6 23. Qe3 Qxe4 24. Qxg5 Ke7 25. g3 Qc6 26. c5 b5 27. Bg2 d5 28. Nb6
Qxc5 29. Nxc8+ Qxc8 30. Nb4 Qc5 31. Nxd5+ Bxd5 32. Rxd5 Rxd5 33. Rxd5 Qc3 34.
Rd1 h4 35. Rc1 Qa5 36. Rc6 Qe1+ 37. Bf1 Qxf2+ 38. Kxf2 1-0

[Event "World Youth Boys U16 2014"]
[Site "Durban RSA"]
[Date "2014.09.26"]
[Round "8.7"]
[White "Ali Marandi, Cemil Can"]
[Black "Mousavi, Seyed Khalil"]
[Result "1-0"]
[WhiteTitle "IM"]
[BlackTitle "FM"]
[WhiteElo "2408"]
[BlackElo "2348"]
[WhiteFideId "6300529"]
[BlackFideId "12511099"]
[EventDate "2014.09.20"]

1. e4 e6 2. d4 d5 3. Nc3 Bb4 4. e5 c5 5. a3 Bxc3+ 6. bxc3 Ne7 7. Qg4 Qc7 8. Qxg7
Rg8 9. Qxh7 cxd4 10. Ne2 Nbc6 11. f4 dxc3 12. Qd3 Bd7 13. Rb1 Nf5 14. Rg1 O-O-O
15. g4 Nh4 16. Rg3 Kb8 17. Nxc3 Na5 18. Be3 Nc4 19. Bd4 f6 20. exf6 Qxf4 21. Ne2
Qg5 22. Bc3 Ng6 23. Qd4 Rgf8 24. Rh3 Nge5 25. Qf4 Qxf6 26. Qxf6 Rxf6 27. Rg3
Nf3+ 28. Kf2 d4 29. Rxf3 Rxf3+ 30. Kxf3 dxc3 31. Kg3 Nd2 32. Re1 Bb5 33. Bg2 Rc8
34. Nd4 Ba4 35. Re3 e5 36. Rxe5 Rc4 37. Rd5 Rxd4 38. Rxd4 Bxc2 39. Kf2 Bb3 40.
Ke2 Nc4 41. Kd3 Nxa3 42. Rb4 c2 43. Rxb7+ Kc8 44. Kd2 Ba4 45. Rxa7 Nb1+ 46. Kc1
Nc3 47. Rxa4 Nxa4 48. Kxc2 Kd7 49. Kd3 Ke6 50. Kd4 Nb6 51. h4 Nd7 52. g5 Kf7 53.
Bh3 Nb8 54. Bf5 Nc6+ 55. Ke4 Ne7 56. h5 Ng8 57. Ke5 Kg7 58. Kd6 Kh8 59. Be6 Nh6
60. Ke7 Kg7 61. Ke8 Kh7 62. Kf8 Kh8 63. Bd7 Nf5 64. g6 Ng7 65. h6 Ne6+ 66. Ke7
Nf4 67. g7+ Kh7 68. Bf5+ 1-0

[Event "World Youth Boys U16 2014"]
[Site "Durban RSA"]
[Date "2014.09.26"]
[Round "8.8"]
[White "Gajek, Radoslaw"]
[Black "Chandran, Kapil"]
[Result "0-1"]
[WhiteTitle "FM"]
[WhiteElo "2393"]
[BlackElo "2229"]
[WhiteFideId "1125893"]
[BlackFideId "2034077"]
[EventDate "2014.09.20"]

1. e4 c5 2. Nf3 e6 3. d4 cxd4 4. Nxd4 a6 5. Bd3 Nf6 6. O-O e5 7. Bg5 h6 8. Bxf6
Qxf6 9. Nf5 g6 10. Ne3 Bc5 11. Nc3 d6 12. Ncd5 Qd8 13. Bc4 O-O 14. b4 Ba7 15.
Qd3 Be6 16. Rfd1 Nc6 17. c3 Rc8 18. Rac1 Ne7 19. Bb3 Nxd5 20. Bxd5 Bxd5 21. Nxd5
Kg7 22. Rc2 Qg5 23. Kh1 h5 24. b5 axb5 25. Qxb5 Rb8 26. h3 Qh4 27. Qe2 Bc5 28.
Rb1 f5 29. exf5 Rxf5 30. f3 g5 31. Rcb2 Rf7 32. Ne3 Qf4 33. Nd5 Qg3 34. Ne3 g4
35. Rxb7 Rbxb7 36. Rxb7 gxf3 37. Rxf7+ Kxf7 38. gxf3 e4 39. Qc4+ Kf8 40. Qxe4
Qe1+ 41. Kg2 Qxe3 42. Qxe3 Bxe3 43. Kf1 Ke7 44. Ke2 Bb6 45. Kd3 Ke6 0-1

[Event "World Youth Boys U16 2014"]
[Site "Durban RSA"]
[Date "2014.09.26"]
[Round "8.9"]
[White "Sibashvili, Giorgi"]
[Black "Christiansen, Johan-Sebastian"]
[Result "1/2-1/2"]
[WhiteElo "2335"]
[BlackElo "2233"]
[WhiteFideId "13602799"]
[BlackFideId "1512668"]
[EventDate "2014.09.20"]

1. Nf3 d5 2. c4 dxc4 3. e3 Nf6 4. Bxc4 e6 5. d4 a6 6. O-O b5 7. Be2 Bb7 8. a4 b4
9. b3 c5 10. Bb2 Nbd7 11. Nbd2 Be7 12. Nc4 O-O 13. Rc1 Rc8 14. Nfe5 cxd4 15.
Bxd4 Nc5 16. Qc2 Nd5 17. Rfd1 Qe8 18. e4 Nc3 19. Bxc3 Bxe4 20. Nd3 bxc3 21. Qxc3
Qc6 22. Nxc5 Bxc5 23. Nd6 Bxd6 24. Qxc6 Bxc6 25. Rxd6 Bd5 26. Rxc8 Rxc8 27. f3
Bxb3 28. Rxa6 Kf8 29. Bb5 Bc4 30. Rb6 Bxb5 31. axb5 Ke7 32. Rb7+ Kd6 33. Rxf7
Rc7 34. Rf8 Rb7 35. Rh8 h6 36. Rg8 Ke5 37. Rf8 Rxb5 38. Rf7 g5 39. Rh7 Kf4 40.
Rf7+ Rf5 41. Re7 Re5 42. Kf2 Kf5 43. g4+ Kf6 44. Ra7 Rb5 45. Ra3 Rb1 46. Re3 Rh1
47. Kg2 Ra1 48. Re4 Ra2+ 49. Kg3 Ra1 1/2-1/2

[Event "World Youth Boys U16 2014"]
[Site "Durban RSA"]
[Date "2014.09.26"]
[Round "8.10"]
[White "Xu, Xiangyu"]
[Black "Gazik, Viktor"]
[Result "1-0"]
[BlackTitle "FM"]
[WhiteElo "2133"]
[BlackElo "2315"]
[WhiteFideId "8608288"]
[BlackFideId "14928752"]
[EventDate "2014.09.20"]

1. e4 c5 2. Nf3 d6 3. d4 cxd4 4. Nxd4 Nf6 5. Nc3 g6 6. f4 Nc6 7. Be3 Bg7 8. Be2
Bd7 9. O-O O-O 10. Qd2 Nxd4 11. Bxd4 Bc6 12. Bf3 e5 13. Be3 exf4 14. Bxf4 Qb6+
15. Kh1 Rad8 16. Rab1 Rfe8 17. Bg5 Re6 18. Qf4 Rde8 19. Nd5 Qd8 20. Bxf6 Rxf6
21. Nxf6+ Bxf6 22. Bg4 Rxe4 23. Qxf6 Qxf6 24. Rxf6 Rxg4 25. Rf2 Ra4 26. a3 Be4
27. Rd1 d5 28. Kg1 f5 29. Kf1 h5 30. h4 Kf7 31. c3 Kf6 32. Rd4 Ra5 33. Rb4 b6
34. g3 Ke5 35. Ke2 Rc5 36. Ke3 Rc7 37. a4 Rg7 38. Rf4 Kd6 39. Rd4 Ke5 40. Rd1
Rc7 41. Rf2 a5 42. Ra1 Rc4 43. Ra3 Kd6 44. Rd2 Kc5 45. Rd4 Rxd4 46. cxd4+ Kb4
47. Kf4 Bc2 48. Kg5 Be4 49. Kxg6 f4+ 50. Kxh5 f3 51. g4 Kc4 52. g5 Kxd4 53. g6
f2 54. Ra1 Ke3 55. g7 Bh7 56. Kh6 Bg8 57. Kg6 d4 58. h5 d3 59. h6 Ke2 60. h7
Bxh7+ 61. Kxh7 1-0

[Event "World Youth Boys U16 2014"]
[Site "Durban RSA"]
[Date "2014.09.26"]
[Round "8.11"]
[White "Zayan, Mohamed"]
[Black "Rodriguez, Adrien"]
[Result "0-1"]
[WhiteTitle "FM"]
[WhiteElo "2125"]
[BlackElo "2284"]
[WhiteFideId "10609989"]
[BlackFideId "20691866"]
[EventDate "2014.09.20"]

1. e4 c5 2. Nf3 d6 3. d4 cxd4 4. Nxd4 Nf6 5. f3 a6 6. c4 Nc6 7. Be3 e6 8. Nc3
Be7 9. Be2 Bd7 10. O-O O-O 11. f4 Rc8 12. Qd2 Qc7 13. Rac1 Qb8 14. b3 Rfe8 15.
Bf3 Bf8 16. Qf2 e5 17. Nxc6 Bxc6 18. f5 b5 19. Nd5 Bxd5 20. cxd5 Rxc1 21. Rxc1
Rc8 22. Qd2 Be7 23. Rc2 Bd8 24. Kf1 Rxc2 25. Qxc2 Qc7 26. Qxc7 Bxc7 27. Ke2 Nd7
28. Kd2 Ba5+ 29. Kc2 Kf8 30. Be2 Bb4 31. Bd2 Bxd2 32. Kxd2 Nc5 33. Bf3 b4 34.
Ke3 f6 35. h4 Ke7 36. g4 Kd7 37. Bd1 Kc7 38. g5 a5 39. Be2 Kb6 40. Bd3 a4 41.
Bc4 a3 42. Be2 Nxb3 43. Bc4 Na5 44. h5 Nxc4+ 45. Kd3 Nb2+ 46. Kc2 h6 0-1

[Event "World Youth Boys U16 2014"]
[Site "Durban RSA"]
[Date "2014.09.26"]
[Round "8.12"]
[White "Li, Di"]
[Black "Sosa, Tomas ARG"]
[Result "1-0"]
[WhiteTitle "FM"]
[WhiteElo "2192"]
[BlackElo "2275"]
[WhiteFideId "8607508"]
[BlackFideId "121576"]
[EventDate "2014.09.20"]

1. d4 Nf6 2. c4 g6 3. Nc3 Bg7 4. e4 d6 5. Nf3 O-O 6. h3 e5 7. d5 Na6 8. Be3 Qe8
9. g4 Nd7 10. Rg1 Kh8 11. h4 f5 12. gxf5 gxf5 13. Bh3 Ndc5 14. Ng5 fxe4 15. Bxc8
Nd3+ 16. Kd2 Rxc8 17. Ne6 Nxb2 18. Qb3 Nc5 19. Nxc5 dxc5 20. Qxb2 Qh5 21. Nxe4
Qxh4 22. Rxg7 Qxe4 23. Rag1 Rce8 24. Rxc7 Qxc4 25. Rxh7+ 1-0

[Event "World Youth Boys U16 2014"]
[Site "Durban RSA"]
[Date "2014.09.26"]
[Round "8.13"]
[White "Kumaran, B"]
[Black "Maslov, Ivan"]
[Result "1/2-1/2"]
[WhiteElo "2239"]
[BlackElo "2095"]
[WhiteFideId "5038472"]
[BlackFideId "24169820"]
[EventDate "2014.09.20"]

1. e4 c5 2. Nf3 Nc6 3. d4 cxd4 4. Nxd4 e5 5. Nb5 d6 6. N1c3 a6 7. Na3 b5 8. Nd5
Nce7 9. c4 Nxd5 10. exd5 bxc4 11. Nxc4 Be7 12. Bd2 a5 13. Be3 Bd7 14. Nb6 Rb8
15. Nxd7 Qxd7 16. a4 Qb7 17. Bb5+ Kf8 18. Rc1 Rc8 19. Rxc8+ Qxc8 20. Qd2 Bd8 21.
O-O Ne7 22. Rc1 Qb8 23. Rd1 Nf5 24. Rc1 Nxe3 25. Qxe3 Bb6 26. Qh3 Bc5 27. Rc3 g6
28. Qh6+ Kg8 29. Rf3 Qf8 30. Qg5 h6 31. Qh4 f5 32. Bd7 Kg7 33. Qc4 Qe7 34. Be6
Rb8 35. b3 Rb4 36. Qa6 e4 37. Rc3 Qc7 1/2-1/2

[Event "World Youth Boys U16 2014"]
[Site "Durban RSA"]
[Date "2014.09.26"]
[Round "8.14"]
[White "Rakotomaharo, Fy Antenaina"]
[Black "Yang, ching Wei, Austin"]
[Result "1-0"]
[WhiteTitle "CM"]
[WhiteElo "2286"]
[BlackElo "1941"]
[WhiteFideId "13100050"]
[BlackFideId "16300440"]
[EventDate "2014.09.20"]

1. d4 Nf6 2. c4 g6 3. Nc3 d5 4. Nf3 Bg7 5. cxd5 Nxd5 6. e4 Nxc3 7. bxc3 c5 8.
Be3 O-O 9. Qd2 Nc6 10. Rb1 Bg4 11. d5 Bxf3 12. gxf3 Ne5 13. Be2 b6 14. f4 Nd7
15. h4 Nf6 16. Bf3 Qd7 17. e5 Qf5 18. Qd1 Ne4 19. Rc1 Bxe5 20. fxe5 Qxe5 21. Qd3
f5 22. c4 Nd6 23. Kf1 Rad8 24. Re1 Ne4 25. Bh6 Rf7 26. Bxe4 fxe4 27. Qxe4 Qh5
28. Be3 Rdf8 29. Rg1 Qf3 30. Qxf3 Rxf3 31. h5 Kg7 32. Ke2 Rh3 33. hxg6 hxg6 34.
Rg4 Rf6 35. a4 Rh2 36. a5 Kf7 37. Rb1 Rh5 38. Rb5 Rh2 39. Rg1 Rh4 40. axb6 axb6
41. Kd3 Rh8 42. Rgb1 1-0

[Event "World Youth Boys U16 2014"]
[Site "Durban RSA"]
[Date "2014.09.26"]
[Round "8.16"]
[White "Nastase, Robert-Paul"]
[Black "Valkama, Eero"]
[Result "1-0"]
[WhiteElo "2255"]
[BlackElo "2073"]
[WhiteFideId "1221175"]
[BlackFideId "507555"]
[EventDate "2014.09.20"]

1. e4 e5 2. Nf3 Nc6 3. Bb5 a6 4. Ba4 Nf6 5. O-O Be7 6. Re1 b5 7. Bb3 d6 8. c3
O-O 9. d4 Bg4 10. Be3 exd4 11. cxd4 Na5 12. Bc2 Nc4 13. Bc1 c5 14. b3 Nb6 15.
Nbd2 d5 16. Bb2 c4 17. exd5 Nfxd5 18. bxc4 bxc4 19. Ne4 Rc8 20. a3 Nf4 21. h3
Bh5 22. Ng3 Bg6 23. Nf5 Bf6 24. Ne5 Ne6 25. Qg4 Nd5 26. Rad1 Qc7 27. Nxg6 hxg6
28. Ne3 Rfd8 29. Nxd5 Rxd5 30. Bxg6 Nf8 31. Be4 Rd6 32. Bc3 Rcd8 33. Rd2 Ne6 34.
Qf5 Ng5 35. Ba5 g6 36. Bxc7 gxf5 37. Bxf5 Rxd4 38. Bxd8 1-0

[Event "World Youth Boys U16 2014"]
[Site "Durban RSA"]
[Date "2014.09.26"]
[Round "8.17"]
[White "Tica, Sven"]
[Black "Lien, Kjell Hakon"]
[Result "1-0"]
[WhiteElo "2246"]
[BlackElo "2004"]
[WhiteFideId "14526948"]
[BlackFideId "1510444"]
[EventDate "2014.09.20"]

1. Nf3 c5 2. e3 Nc6 3. d4 cxd4 4. exd4 d5 5. h3 Bf5 6. c3 e6 7. Nbd2 Nf6 8. Nh4
Bg6 9. Nxg6 hxg6 10. Bd3 Bd6 11. Nf3 O-O 12. O-O e5 13. dxe5 Nxe5 14. Be3 Nc4
15. Qc1 Qc7 16. Bd4 Rfe8 17. Qc2 Ne5 18. Be2 Re7 19. Rad1 Rae8 20. Nxe5 Bxe5 21.
Bf3 Bxd4 22. Rxd4 Re1 23. g3 Qa5 24. Qb3 Rxf1+ 25. Kxf1 Qa6+ 26. Kg2 Re1 27. c4
dxc4 28. Rxc4 Ra1 29. a3 b5 30. Rc7 Qe6 31. Qxe6 fxe6 32. Rxa7 Ra2 33. b4 Nd5
34. Bxd5 1-0